[Event "Risarald op"]
[Site "Risarald"]
[Date "2015.06.13"]
[Round "2"]
[White "Perez, William"]
[Black "Cuervo, Andres Felipe"]
[Result "1/2-1/2"]
[WhiteElo "1711"]
[BlackElo "1879"]
[PlyCount "151"]
[EventDate "2015.06.12"]
[EventType "swiss"]
[EventRounds "7"]
[EventCountry "COL"]
[SourceTitle "CBM 167 Extra"]
[Source "ChessBase"]
[SourceDate "2015.09.14"]
[SourceVersion "1"]
[SourceVersionDate "2015.09.14"]
[SourceQuality "1"]

1. c4 Nf6 2. Nc3 g6 3. g3 Bg7 4. Bg2 0-0 5. d4 c6 6. d5 Qb6 7. e4 d6 8. h3 Nbd7 9. Nge2 Ne5 10. b3 cxd5 11. cxd5 Qa6 12. 0-0 Nd3 13. Be3 Bd7 14. a4 Rac8 15. Qd2 Nc5 16. Nd4 Qd3 17. Qxd3 Nxd3 18. Nce2 a6 19. a5 Nc5 20. f3 Rc7 21. Rfd1 Rfc8 22. Rac1 Be8 23. Rc2 Ncd7 24. Rdc1 Rxc2 25. Rxc2 Rxc2 26. Nxc2 Ne5 27. Ned4 Nfd7 28. f4 Nd3 29. b4 g5 30. Bf1 gxf4 31. gxf4 Nb2 32. Nf5 Bf6 33. b5 axb5 34. Bxb5 Kf8 35. Be2 Na4 36. e5 dxe5 37. fxe5 Nxe5 38. Bh6+ Kg8 39. Bf4 Nc3 40. Bxe5 Bxe5 41. Bf3 Kf8 42. d6 e6 43. Nfd4 Bxd6 44. Bxb7 Bc5 45. Kg2 Ke7 46. Kf3 Kd6 47. a6 f5 48. h4 h6 49. Nb3 Ba7 50. Ncd4 Bd7 51. Ne2 Nxe2 52. Kxe2 e5 53. Nd2 Bb5+ 54. Kf3 Kc5 55. Bc8 Bc6+ 56. Ke2 f4 57. Kd3 Kd5 58. Bb7 Bxb7 59. axb7 Kc6 60. Ke4 Bb8 61. Kf5 Kxb7 62. Kg6 Ba7 63. Kxh6 Be3 64. Nc4 Bd4 65. Nd2 Kc6 66. Kg5 Kd5 67. Kf5 Be3 68. Nf1 e4 69. h5 Bc1 70. h6 f3 71. h7 Bb2 72. Ne3+ Kd6 73. Nc4+ Kc5 74. Nxb2 f2 75. h8Q f1Q+ 76. Kxe4 1/2-1/2

[Event "Pereira Forero Cup 2nd"]
[Site "Pereira"]
[Date "2015.04.18"]
[Round "3"]
[White "Cuervo, Andres Felipe"]
[Black "Pena Mora, Carlos"]
[Result "1-0"]
[WhiteElo "1600"]
[BlackElo "1635"]
[PlyCount "29"]
[EventDate "2015.04.17"]
[EventType "swiss"]
[EventRounds "5"]
[EventCountry "COL"]
[SourceTitle "CBM 166 Extra"]
[Source "ChessBase"]
[SourceDate "2015.06.18"]
[SourceVersion "1"]
[SourceVersionDate "2015.06.18"]
[SourceQuality "1"]

1. e4 c5 2. Nf3 e6 3. d4 cxd4 4. Nxd4 a6 5. Nc3 Qc7 6. Bd3 Bc5 7. Be3 Nf6 8. 0-0 0-0 9. Kh1 Ba7 10. f4 Nc6 11. Nxc6 Bxe3 12. Ne7+ Kh8 13. e5 Ng8 14. Qh5 f5 15. Ng6# 1-0

[Event "Pereira Forero Cup 2nd"]
[Site "Pereira"]
[Date "2015.04.17"]
[Round "1"]
[White "Cuervo, Andres Felipe"]
[Black "Solarte Quintero, Agustin"]
[Result "1/2-1/2"]
[WhiteElo "1600"]
[BlackElo "1871"]
[PlyCount "86"]
[EventDate "2015.04.17"]
[EventType "swiss"]
[EventRounds "5"]
[EventCountry "COL"]
[SourceTitle "CBM 166 Extra"]
[Source "ChessBase"]
[SourceDate "2015.06.18"]
[SourceVersion "1"]
[SourceVersionDate "2015.06.18"]
[SourceQuality "1"]

1. d4 Nf6 2. Nf3 c5 3. g3 cxd4 4. Nxd4 g6 5. Bg2 Bg7 6. 0-0 0-0 7. Nd2 Qb6 8. Nc4 Qa6 9. Qd3 Nc6 10. Nxc6 dxc6 11. Ne3 Qb6 12. Rd1 Be6 13. Qa3 Rfe8 14. Bd2 Ng4 15. Rab1 Qb5 16. Bf3 Ne5 17. Bc3 Nxf3+ 18. exf3 Bxc3 19. Qxc3 Qe2 20. Kg2 Bxa2 21. Rd2 Qb5 22. Rbd1 Be6 23. Rd4 Qe5 24. Qa3 a5 25. Re4 Qf6 26. Rf4 Qg5 27. h4 Qb5 28. h5 g5 29. Rfd4 h6 30. f4 g4 31. c4 Qxh5 32. Rh1 Qg6 33. Rh4 f5 34. Qd3 c5 35. Rxg4 Qxg4 36. Nxg4 cxd4 37. Ne5 Rad8 38. Qf3 Kh7 39. b3 a4 40. bxa4 d3 41. Nxd3 Bxc4 42. Nb4 Rd7 43. Qc3 Rc8 1/2-1/2